| 000 -LEADER |
| fixed length control field |
00607nam a2200205Ia 4500 |
| 001 - CONTROL NUMBER |
| control field |
5025 |
| 003 - CONTROL NUMBER IDENTIFIER |
| control field |
GE_BSU |
| 008 - FIXED-LENGTH DATA ELEMENTS--GENERAL INFORMATION |
| fixed length control field |
181216s||||||||xx |||||||||||||| ||und|| |
| 040 ## - CATALOGING SOURCE |
| Transcribing agency |
GE_BSU |
| 080 ## - UNIVERSAL DECIMAL CLASSIFICATION NUMBER |
| Universal Decimal Classification number |
515.142 |
| 100 ## - MAIN ENTRY--PERSONAL NAME |
| Personal name |
Бредон Г.Э. |
| 245 ## - TITLE STATEMENT |
| Title |
Теория пучков. |
| 245 ## - TITLE STATEMENT |
| Statement of responsibility, etc. |
Под. Ред. Е.Г. Скляренко. Пер. с английского А.Ю. Воловикова. Гл. ред. физ.-мат. лит-ры. |
| 260 ## - PUBLICATION, DISTRIBUTION, ETC. |
| Place of publication, distribution, etc. |
Москва |
| 260 ## - PUBLICATION, DISTRIBUTION, ETC. |
| Name of publisher, distributor, etc. |
Наука |
| 260 ## - PUBLICATION, DISTRIBUTION, ETC. |
| Date of publication, distribution, etc. |
1988 |
| 300 ## - PHYSICAL DESCRIPTION |
| Extent |
311 с. 22 см. |
| 653 ## - INDEX TERM--UNCONTROLLED |
| Uncontrolled term |
Теория пучков. |
| 942 ## - ADDED ENTRY ELEMENTS (KOHA) |
| Koha item type |
წიგნი |